| 000 | 00672nam a2200277Ia 4500 | ||
|---|---|---|---|
| 005 | 20260324123631.0 | ||
| 008 | 008 260324s9999 xx 000 0 eng d | ||
| 020 | _a9781315238197 | ||
| 037 | _aEBOOK | ||
| 040 | _aCRL | ||
| 040 | _beng | ||
| 040 | _cCRL | ||
| 041 | _2eng | ||
| 041 | _aeng | ||
| 084 | _qCRL | ||
| 100 |
_aFrancesca R. Sborgi Lawson _91171055 |
||
| 245 | 4 | _aThe Narrative Arts of Tianjin: Between Music and Language | |
| 260 | _bTaylor and Francis | ||
| 260 | _c2011 | ||
| 365 | _a | ||
| 365 | _b230 | ||
| 856 | _uhttp://www.taylorfrancis.com/books/9781315238197 | ||
| 942 | _cEBOOK | ||
| 999 |
_c1764748 _d1764748 |
||